Imiona na K - Statystyki

Ogólne statystyki
  • Ten quiz został rozwiązany 56 razy
  • Średni wynik to 15 z 32
Statystyki odpowiedzi
Hint Odpowiedź % Poprawnych
m Kamil
92%
m Karol
90%
ż Karolina
90%
ż Kamila
88%
ż Katarzyna
88%
m Krzysztof
79%
ż Kinga
63%
m Kornel
63%
ż Kornelia
63%
ż Krystyna
60%
m Konrad
58%
m Krystian
58%
m Kacper
56%
m Kazimierz
52%
ż Kazimiera
46%
ż Klaudia
46%
ż Kalina
44%
ż Kaja
40%
ż Klara
38%
m Kordian
38%
ż Krzysztofa
38%
ż Karina
35%
m Klaudiusz
35%
m Klemens
27%
m Kajetan
23%
ż Konstancja
21%
m Konstantyn
21%
m Kryspin
19%
m Kasper
15%
m Kewin
13%
ż Kleopatra
6%
ż Klarysa
0%
Nie znaleziono quizów pasujących do podanych kryteriów
Rozkład punktacji
Procent ludzi z każdym wynikiem
Percentyl według liczby udzielonych odpowiedzi
Twoja historia wyników
Nie rozwiązałeś tego quizu